[Event "4NCL Division One"]
[Site "Daventry, ENG"]
[Date "2023.01.15"]
[Round "4.42"]
[White "Alsina Leal, Daniel"]
[Black "McClement, Andrew"]
[Result "1-0"]
[WhiteElo "2527"]
[BlackElo "2220"]
[PlyCount "139"]
[EventDate "2023.01.15"]
[WhiteTeam "Chessable White Rose 1"]
[BlackTeam "Cambridge University 1"]

1. e4 c5 2. Nf3 d6 3. d4 cxd4 4. Nxd4 Nf6 5. Nc3 e6 6. g4 h6 7. Rg1 Be7 8. Be3
Nc6 9. Nb3 d5 10. exd5 Nxd5 11. Nxd5 Qxd5 12. Qxd5 exd5 13. O-O-O Be6 14. f4 f6
15. Bb5 O-O 16. Nc5 Bf7 17. Nxb7 Rfc8 18. a3 Rab8 19. Bxc6 Rxc6 20. Na5 Rc7 21.
Rd3 Bd6 22. b4 Re8 23. Bd2 Re2 24. h3 Rxd2 25. Kxd2 Bxf4+ 26. Kd1 Bg6 27. Rxd5
Rxc2 28. Rf1 Bg5 29. Nb3 Ra2 30. Nd4 Bd3 31. Rxg5 Bxf1 32. Ra5 Bxh3 33. Rxa7
Bxg4+ 34. Kc1 Ra1+ 35. Kc2 Bh5 36. Ne6 Bf7 37. Ra8+ Kh7 38. Nf8+ Kg8 39. Nd7+
Kh7 40. Nf8+ Kg8 41. Nd7+ Kh7 42. b5 h5 43. b6 Bd5 44. Ra7 Kh6 45. b7 Be4+ 46.
Kc3 Bxb7 47. Kb2 Re1 48. Rxb7 h4 49. Rb8 Kg5 50. Rh8 f5 51. a4 f4 52. a5 Re7
53. Nc5 f3 54. a6 Kg4 55. Kc3 h3 56. Nd3 Kg3 57. Kc4 h2 58. Rh5 Re2 59. Rg5+
Kh3 60. a7 Ra2 61. Nf2+ Kh4 62. Rxg7 Kh5 63. Kb5 Kh6 64. Rd7 Kg5 65. Kb6 Kf4
66. Rg7 Rxf2 67. a8=Q h1=Q 68. Qa4+ Ke3 69. Re7+ Kd2 70. Qd4+ 1-0

[Event "4NCL Division One"]
[Site "Daventry, ENG"]
[Date "2023.01.15"]
[Round "4.43"]
[White "Gallagher, Daniel GH"]
[Black "Rowson, Jonathan"]
[Result "1/2-1/2"]
[WhiteElo "2204"]
[BlackElo "2550"]
[PlyCount "63"]
[EventDate "2023.01.15"]
[WhiteTeam "Cambridge University 1"]
[BlackTeam "Chessable White Rose 1"]

1. e4 c6 2. Nf3 d5 3. d3 g6 4. e5 c5 5. c3 Nc6 6. d4 Bg7 7. Bb5 Qb6 8. Bxc6+
Qxc6 9. O-O Nh6 10. dxc5 Qxc5 11. Nbd2 O-O 12. Nb3 Qc4 13. h3 Nf5 14. g4 Nh6
15. Nbd4 f5 16. g5 Nf7 17. Bf4 e6 18. Qd2 Bd7 19. h4 Rfc8 20. Kg2 b5 21. h5 a5
22. hxg6 hxg6 23. a3 Bf8 24. Rac1 Kg7 25. Rh1 Be7 26. Rh6 Rh8 27. Rch1 Rag8 28.
Rxh8 Rxh8 29. Rxh8 Kxh8 30. b3 Qc8 31. b4 a4 32. Ne1 1/2-1/2

[Event "4NCL Division One"]
[Site "Daventry, ENG"]
[Date "2023.01.15"]
[Round "4.44"]
[White "Adair, James R"]
[Black "Hill, Alistair"]
[Result "1-0"]
[WhiteElo "2451"]
[BlackElo "2172"]
[PlyCount "69"]
[EventDate "2023.01.15"]
[WhiteTeam "Chessable White Rose 1"]
[BlackTeam "Cambridge University 1"]

1. d4 Nf6 2. c4 g6 3. f3 c5 4. d5 d6 5. e4 Bg7 6. Nc3 O-O 7. Nge2 e6 8. Ng3
exd5 9. cxd5 a6 10. a4 Nbd7 11. Be2 Ne8 12. Bf4 Bd4 13. Qd2 Qa5 14. Be3 Bxe3
15. Qxe3 b5 16. O-O bxa4 17. Rxa4 Qb6 18. b4 Rb8 19. Rb1 Nc7 20. Nf1 cxb4 21.
Qxb6 Rxb6 22. Raxb4 Rxb4 23. Rxb4 Nc5 24. Ne3 Rd8 25. Nc4 Nb5 26. Nxb5 axb5 27.
Rxb5 Ba6 28. Rb6 Kg7 29. Kf2 Bxc4 30. Bxc4 g5 31. Ke3 Kf6 32. Kd4 Na4 33. e5+
Ke7 34. Rb7+ Kf8 35. e6 1-0

[Event "4NCL Division One"]
[Site "Daventry, ENG"]
[Date "2023.01.15"]
[Round "4.45"]
[White "Robertson, J Stuart"]
[Black "Wells, Peter K"]
[Result "1/2-1/2"]
[WhiteElo "2154"]
[BlackElo "2370"]
[PlyCount "110"]
[EventDate "2023.01.15"]
[WhiteTeam "Cambridge University 1"]
[BlackTeam "Chessable White Rose 1"]

1. d4 Nf6 2. c4 e6 3. Nc3 Bb4 4. e3 O-O 5. Bd2 b6 6. Nf3 Bb7 7. Bd3 c5 8. O-O
cxd4 9. exd4 d5 10. cxd5 Nxd5 11. Qe2 Nf6 12. Rfd1 Nbd7 13. Rac1 Rc8 14. Ne5
Bxc3 15. bxc3 Nxe5 16. dxe5 Qd5 17. f3 Qc5+ 18. Kh1 Nd7 19. Bf4 Rc7 20. Qe1
Rfc8 21. Qh4 Nf8 22. Bg3 Qa3 23. Be1 Bc6 24. Qb4 Qxb4 25. cxb4 Ba4 26. Rxc7
Rxc7 27. Rb1 Ng6 28. Bg3 Rc3 29. Be4 Bc6 30. Bxg6 hxg6 31. Kg1 g5 32. h3 Bd5
33. Rb2 Ra3 34. Be1 Bxa2 35. h4 gxh4 36. Bxh4 Bd5 37. Be7 a5 38. bxa5 Ra1+ 39.
Kf2 bxa5 40. Re2 a4 41. Re1 Rxe1 42. Kxe1 Kh7 43. Ke2 Kg6 44. g4 f5 45. exf6
gxf6 46. f4 e5 47. Ke3 Kf7 48. Ba3 Bb3 49. fxe5 fxe5 50. Ke4 Ke6 51. Bb2 Bc2+
52. Ke3 Kd5 53. Kd2 Bg6 54. Bxe5 Kxe5 55. Kc3 Kf4 1/2-1/2

[Event "4NCL Division One"]
[Site "Daventry, ENG"]
[Date "2023.01.15"]
[Round "4.46"]
[White "Ashton, Adam G"]
[Black "Lee, Richard W Y"]
[Result "1-0"]
[WhiteElo "2339"]
[BlackElo "2108"]
[PlyCount "117"]
[EventDate "2023.01.15"]
[WhiteTeam "Chessable White Rose 1"]
[BlackTeam "Cambridge University 1"]

1. e4 e6 2. d4 d5 3. Nc3 dxe4 4. Nxe4 Nd7 5. Nf3 Ngf6 6. Nxf6+ Nxf6 7. c3 c5 8.
Ne5 a6 9. Qa4+ Nd7 10. Be3 Qc7 11. Bb5 cxd4 12. Bxd7+ Bxd7 13. Qxd4 Bb5 14. a4
Bd6 15. Nxf7 Kxf7 16. axb5 axb5 17. Rd1 Be7 18. O-O Ra4 19. b4 Bf6 20. Qg4 Qc6
21. Bc5 Rd8 22. Rxd8 Bxd8 23. Qh5+ Kg8 24. Rd1 Bf6 25. h3 Ra8 26. Qe2 Rd8 27.
Rxd8+ Bxd8 28. Bd4 Qd5 29. Qg4 Qd7 30. h4 Qf7 31. h5 Bf6 32. h6 Kf8 33. hxg7+
Bxg7 34. Bxg7+ Qxg7 35. Qxe6 Qxc3 36. Qf5+ Kg8 37. Qd5+ Kf8 38. Qd6+ Kf7 39. g3
Qe1+ 40. Kg2 Qe4+ 41. Kh2 Qc6 42. Qf4+ Kg7 43. Qg5+ Kf7 44. Qf5+ Kg7 45. f4 h6
46. Qe5+ Kf7 47. Qd4 Qc4 48. Qd2 Ke6 49. Kh3 Kf6 50. Qd6+ Kf7 51. Kh4 Qe2 52.
Qe5 Qc4 53. Qf5+ Kg7 54. Qd7+ Kf6 55. Qd6+ Kg7 56. g4 Qc1 57. Qe5+ Kh7 58. Qe4+
Kh8 59. Kh5 1-0

[Event "4NCL Division One"]
[Site "Daventry, ENG"]
[Date "2023.01.15"]
[Round "4.47"]
[White "Chan, Nevil"]
[Black "Palliser, Richard J D"]
[Result "0-1"]
[WhiteElo "2001"]
[BlackElo "2395"]
[PlyCount "60"]
[EventDate "2023.01.15"]
[WhiteTeam "Cambridge University 1"]
[BlackTeam "Chessable White Rose 1"]

1. d4 Nf6 2. Nc3 d5 3. Bg5 g6 4. e3 Bg7 5. Nf3 O-O 6. Be2 b6 7. O-O Bb7 8. Ne5
Ne8 9. Bf4 f6 10. Nf3 Nd7 11. a4 c5 12. Nb5 a6 13. Na3 e5 14. Bg3 cxd4 15. exd4
e4 16. Ne1 f5 17. f4 Nc7 18. Bf2 Ne6 19. Be3 g5 20. g3 gxf4 21. gxf4 Rf6 22.
Ng2 Rh6 23. c3 Bf8 24. Nc2 Bd6 25. Kh1 Kh8 26. Qd2 Qf6 27. Bg1 Rh3 28. Rf2 Rf8
29. Raf1 Qh6 30. Nce3 Ng7 0-1

[Event "4NCL Division One"]
[Site "Daventry, ENG"]
[Date "2023.01.15"]
[Round "4.48"]
[White "Urh, Zala"]
[Black "Sivanandan, Bodhana"]
[Result "1-0"]
[WhiteElo "2394"]
[BlackElo "1872"]
[PlyCount "105"]
[EventDate "2023.01.15"]
[WhiteTeam "Chessable White Rose 1"]
[BlackTeam "Cambridge University 1"]

1. e4 c6 2. d4 d5 3. Nc3 dxe4 4. Nxe4 Nf6 5. Nxf6+ exf6 6. c3 Bd6 7. Bd3 O-O 8.
Qc2 Re8+ 9. Ne2 h5 10. O-O Qc7 11. h3 Nd7 12. Be3 b6 13. c4 c5 14. Be4 Bb7 15.
d5 Nf8 16. Rae1 g6 17. Nc3 f5 18. Nb5 Qd7 19. Nxd6 Qxd6 20. Bf3 Nd7 21. g3 h4
22. Bf4 Qf6 23. Kh2 g5 24. Bd2 g4 25. Bc3 Qg5 26. Rxe8+ Rxe8 27. Rg1 Kf8 28.
hxg4 fxg4 29. Bd1 Ne5 30. Qh7 Nf3+ 31. Bxf3 gxf3 32. Qh8+ Ke7 33. Re1+ Kd6 34.
Rxe8 hxg3+ 35. fxg3 Bxd5 36. cxd5 f2 37. Qf8+ Kxd5 38. Qxf7+ Kc6 39. Re6+ Kb5
40. Qxf2 Qh5+ 41. Kg1 Qd1+ 42. Qf1+ Qxf1+ 43. Kxf1 Kc4 44. g4 b5 45. g5 b4 46.
Be1 a5 47. g6 a4 48. g7 a3 49. bxa3 bxa3 50. g8=Q Kd3 51. Qg3+ Kc2 52. Qc3+ Kb1
53. Rb6+ 1-0

[Event "4NCL Division One"]
[Site "Daventry, ENG"]
[Date "2023.01.15"]
[Round "4.51"]
[White "Wall, Gavin"]
[Black "Reimanis, Ritvars"]
[Result "1/2-1/2"]
[WhiteElo "2286"]
[BlackElo "2519"]
[PlyCount "76"]
[EventDate "2023.01.15"]
[WhiteTeam "Gonzaga"]
[BlackTeam "Celtic Tigers 1"]

1. e4 e6 2. d4 d5 3. e5 c5 4. c3 Nc6 5. Nf3 Qb6 6. a3 Nh6 7. b4 cxd4 8. cxd4
Nf5 9. Bb2 Bd7 10. Be2 h5 11. O-O Be7 12. b5 Na5 13. Nc3 g5 14. Na4 Qd8 15. Nd2
g4 16. Nc5 Rc8 17. Rc1 b6 18. Ncb3 Nc4 19. Nxc4 dxc4 20. Rxc4 O-O 21. a4 a6 22.
bxa6 Rxc4 23. Bxc4 Bxa4 24. Qd3 Bc6 25. d5 Bxd5 26. Bxd5 Qxd5 27. Qxd5 exd5 28.
Ra1 Ra8 29. Bd4 Bd8 30. f3 Kf8 31. fxg4 hxg4 32. Kf2 Ke8 33. Ra2 Kd7 34. Be3
Bc7 35. Nd4 Nxe3 36. Kxe3 Bxe5 37. h4 gxh3 38. gxh3 Bf6 1/2-1/2

[Event "4NCL Division One"]
[Site "Daventry, ENG"]
[Date "2023.01.15"]
[Round "4.52"]
[White "Kilpatrick, Callum"]
[Black "Bourached, Anthony"]
[Result "1-0"]
[WhiteElo "2413"]
[BlackElo "2200"]
[PlyCount "81"]
[EventDate "2023.01.15"]
[WhiteTeam "Celtic Tigers 1"]
[BlackTeam "Gonzaga"]

1. e4 c6 2. Nf3 d5 3. d3 dxe4 4. dxe4 Qxd1+ 5. Kxd1 Bg4 6. Nbd2 Nd7 7. c3 Ngf6
8. Kc2 e5 9. Ne1 Bc5 10. Nd3 O-O-O 11. f3 Be6 12. Nxc5 Nxc5 13. Nc4 Nfd7 14.
Be3 f6 15. a4 Kb8 16. b4 Na6 17. Na5 Kc7 18. Bxa6 bxa6 19. Bxa7 Nb6 20. Rhd1
Nc4 21. Nxc4 Bxc4 22. a5 Rxd1 23. Rxd1 Be6 24. Bb6+ Kc8 25. Rd6 Bd7 26. Kd3 Re8
27. Kc4 Re6 28. Kc5 Re7 29. Rd2 Kb7 30. Bd8 Rf7 31. Kd6 Bc8 32. Be7 h5 33. c4
g6 34. Rb2 f5 35. Re2 fxe4 36. Rxe4 Rf4 37. Kxe5 Rxe4+ 38. fxe4 Bd7 39. Kd6 Kc8
40. Bg5 Bg4 41. Kxc6 1-0

[Event "4NCL Division One"]
[Site "Daventry, ENG"]
[Date "2023.01.15"]
[Round "4.53"]
[White "Delaney, Killian"]
[Black "Pein, Jonathan"]
[Result "1-0"]
[WhiteElo "2289"]
[BlackElo "2252"]
[PlyCount "65"]
[EventDate "2023.01.15"]
[WhiteTeam "Gonzaga"]
[BlackTeam "Celtic Tigers 1"]

1. c4 g6 2. Nc3 Bg7 3. d4 Nf6 4. e4 O-O 5. Nge2 d6 6. Ng3 c5 7. d5 e6 8. Be2
exd5 9. cxd5 Re8 10. h4 h5 11. Bg5 Qa5 12. O-O Nh7 13. Bf4 Qd8 14. Bb5 Re5 15.
Bxe5 Bxe5 16. Nge2 Qxh4 17. f4 Bg7 18. Qe1 Qe7 19. Rd1 Bg4 20. Rd2 Nd7 21. e5
dxe5 22. d6 Qd8 23. Qf2 Nhf6 24. fxe5 Nxe5 25. Qxc5 Bxe2 26. Bxe2 Nfg4 27. Bxg4
Nxg4 28. Rd3 Be5 29. d7 Qh4 30. Rh3 Qd8 31. Qd5 Qe7 32. Rhf3 Bf6 33. Ne4 1-0

[Event "4NCL Division One"]
[Site "Daventry, ENG"]
[Date "2023.01.15"]
[Round "4.54"]
[White "Pein, Malcolm"]
[Black "Venkatesan, Kavin"]
[Result "1/2-1/2"]
[WhiteElo "2302"]
[BlackElo "2142"]
[PlyCount "94"]
[EventDate "2023.01.15"]
[WhiteTeam "Celtic Tigers 1"]
[BlackTeam "Gonzaga"]

1. d4 Nf6 2. c4 e6 3. Nf3 d5 4. Nc3 dxc4 5. e3 a6 6. Bxc4 b5 7. Be2 Nbd7 8. O-O
Bb7 9. b3 Be7 10. Bb2 O-O 11. a4 b4 12. Nb1 a5 13. Nbd2 Nb6 14. Rc1 Rc8 15. Ne5
c5 16. Ndc4 Nxc4 17. Nxc4 Nd5 18. dxc5 Bxc5 19. Bd3 Nc3 20. Bxc3 bxc3 21. Rxc3
Qg5 22. e4 f5 23. Qe2 Rcd8 24. Nxa5 Bxe4 25. Bxe4 fxe4 26. Rxc5 Qxc5 27. Nb7
Qb6 28. Nxd8 Rxd8 29. Qe3 Qb4 30. f3 Rd3 31. Qxe4 Qxb3 32. Re1 Rd1 33. a5 Rd6
34. Qb1 Qc3 35. Qa1 Qc5+ 36. Kh1 Ra6 37. Qe5 Qxa5 38. Qb8+ Kf7 39. Qb7+ Kf6 40.
Qb2+ Kf7 41. Qb7+ Kf6 42. Qb2+ Kf7 43. Rd1 Ra7 44. h3 Re7 45. Qd4 h6 46. Qe4
Qb5 47. Rb1 Qf5 1/2-1/2

[Event "4NCL Division One"]
[Site "Daventry, ENG"]
[Date "2023.01.15"]
[Round "4.55"]
[White "Freeman, Gordon"]
[Black "Gallana, Marco"]
[Result "0-1"]
[WhiteElo "2218"]
[BlackElo "2243"]
[PlyCount "68"]
[EventDate "2023.01.15"]
[WhiteTeam "Gonzaga"]
[BlackTeam "Celtic Tigers 1"]

1. d4 d5 2. Nf3 e6 3. g3 Nf6 4. Bg2 c5 5. c4 Nc6 6. cxd5 exd5 7. O-O Be7 8. b3
O-O 9. Bb2 Ne4 10. Nc3 Bf6 11. Nxe4 dxe4 12. Nd2 cxd4 13. Nxe4 Be7 14. Rc1 Qb6
15. Qc2 Be6 16. Qb1 Rfd8 17. Rfd1 a5 18. Nd2 Qb5 19. Nc4 Bf6 20. Be4 h6 21. e3
Qh5 22. Bg2 a4 23. Nb6 axb3 24. Nxa8 bxa2 25. Qe4 Bf5 26. Bf3 Bxe4 27. Bxh5
Rxa8 28. Ba1 d3 29. Bxf6 gxf6 30. Ra1 Nb4 31. f3 Bd5 32. Kf2 Nc2 33. e4 Bc4 34.
f4 b5 0-1

[Event "4NCL Division One"]
[Site "Daventry, ENG"]
[Date "2023.01.15"]
[Round "4.56"]
[White "Zulfic, Fedja"]
[Black "Thorarinsson, Pall A."]
[Result "1/2-1/2"]
[WhiteElo "2145"]
[BlackElo "2205"]
[PlyCount "76"]
[EventDate "2023.01.15"]
[WhiteTeam "Celtic Tigers 1"]
[BlackTeam "Gonzaga"]

1. d4 g6 2. g3 Bg7 3. Bg2 c5 4. c3 cxd4 5. cxd4 d5 6. Nc3 Nf6 7. Nf3 O-O 8. O-O
Nc6 9. Ne5 e6 10. Nxc6 bxc6 11. Bf4 Nh5 12. Be3 Rb8 13. Na4 f5 14. Qd2 f4 15.
Bxf4 Nxf4 16. gxf4 Qh4 17. e3 Rf5 18. f3 Rh5 19. h3 g5 20. Nc3 gxf4 21. exf4
Bh6 22. Ne2 Ba6 23. Rf2 Kh8 24. Bf1 Bxe2 25. Qxe2 Qg3+ 26. Bg2 Bxf4 27. Qxe6
Rh6 28. Qe7 Bd6 29. Qd7 Rg8 30. Kf1 Rhg6 31. Re1 Qh2 32. Re8 Qf4 33. Rxg8+ Kxg8
34. Re2 Qc1+ 35. Re1 Qc4+ 36. Re2 Qc1+ 37. Re1 Qc4+ 38. Re2 Qc1+ 1/2-1/2

[Event "4NCL Division One"]
[Site "Daventry, ENG"]
[Date "2023.01.15"]
[Round "4.57"]
[White "Carroll, Peter"]
[Black "Serbanescu, Diana-Maria"]
[Result "1-0"]
[WhiteElo "2098"]
[BlackElo "2095"]
[PlyCount "227"]
[EventDate "2023.01.15"]
[WhiteTeam "Gonzaga"]
[BlackTeam "Celtic Tigers 1"]

1. d4 Nf6 2. Nc3 d6 3. e4 e5 4. Nge2 Be7 5. g3 Nbd7 6. Bg2 c6 7. a4 a5 8. O-O
O-O 9. h3 Re8 10. Be3 Qc7 11. g4 Nf8 12. Ng3 Ng6 13. Nf5 Bf8 14. Qd2 Be6 15.
Rfe1 Rab8 16. Bh1 Ra8 17. Rad1 Rac8 18. Bg5 Nd7 19. Re2 f6 20. Be3 Bc4 21. Ree1
Be6 22. h4 exd4 23. Bxd4 Bxf5 24. gxf5 Nge5 25. b3 Rcd8 26. f4 Nf7 27. Qf2 Rc8
28. Bf3 d5 29. exd5 Rxe1+ 30. Rxe1 Qxf4 31. dxc6 bxc6 32. Bg2 Qxf2+ 33. Kxf2
Nfe5 34. Ne4 Bb4 35. Rd1 Kf8 36. c3 Be7 37. Ke2 Rb8 38. Nd2 Kf7 39. h5 Rc8 40.
Bg1 Rb8 41. Rb1 Bd6 42. Nf1 Nc5 43. Nd2 Ncd7 44. Ne4 Be7 45. Kd2 g6 46. hxg6+
hxg6 47. fxg6+ Kxg6 48. Kc2 f5 49. Nd2 c5 50. Re1 Bf6 51. Bh2 Rc8 52. Bb7 Rh8
53. Rg1+ Kf7 54. Bd5+ Ke7 55. Bf4 Rh4 56. Rf1 Rh5 57. Re1 Rh4 58. Bxe5 Nxe5 59.
Nc4 Rh2+ 60. Kb1 Rf2 61. Bb7 Ke6 62. Bc8+ Kd5 63. Bb7+ Ke6 64. Nxa5 Kd6 65.
Rd1+ Kc7 66. Bd5 f4 67. Nb7 Nd7 68. Rd3 Rh2 69. Be4 Re2 70. Bd5 Re3 71. Rxe3
fxe3 72. Kc2 e2 73. Kd2 Bxc3+ 74. Kxe2 Bb4 75. Ke3 Kb6 76. Nd6 Ne5 77. Ke4 Nd7
78. Nc4+ Kc7 79. Be6 Nb6 80. Ne5 Kd6 81. Bc4 Nd7 82. Nd3 Ba5 83. Bb5 Nf6+ 84.
Kf5 Nd5 85. Bc4 Ne7+ 86. Kf6 Nc6 87. Nf4 Nd8 88. Ne2 Bd2 89. Ng3 Bc3+ 90. Kf5
Bb4 91. Ne4+ Kc6 92. Ke5 Kb6 93. Bd5 Kc7 94. Kf4 Kb6 95. Ke3 Kc7 96. Kd3 Kb6
97. Kc4 Ba3 98. Nf2 Bb4 99. Nd3 Ba3 100. Ne5 Kc7 101. Kb5 Bb4 102. Nd3 Ba3 103.
a5 Kd6 104. Bc4 Nc6 105. Kb6 Nb4 106. Nxb4 cxb4 107. a6 Bc1 108. a7 Be3+ 109.
Kb7 Bxa7 110. Kxa7 Kc7 111. Ka6 Kc6 112. Ka5 Kc5 113. Bg8 Kc6 114. Kxb4 1-0

[Event "4NCL Division One"]
[Site "Daventry, ENG"]
[Date "2023.01.15"]
[Round "4.58"]
[White "Franco, Gaston"]
[Black "Putar, Lara"]
[Result "0-1"]
[WhiteElo "2051"]
[BlackElo "1781"]
[PlyCount "92"]
[EventDate "2023.01.15"]
[WhiteTeam "Celtic Tigers 1"]
[BlackTeam "Gonzaga"]

1. e4 e6 2. d4 d5 3. Nd2 Nf6 4. e5 Nfd7 5. Bd3 c5 6. c3 Nc6 7. Ne2 cxd4 8. cxd4
f6 9. Nf4 Nxd4 10. Qh5+ Ke7 11. exf6+ Nxf6 12. Ng6+ hxg6 13. Qxh8 Kf7 14. O-O
e5 15. Nb3 Nxb3 16. axb3 Bf5 17. Bxf5 gxf5 18. Bg5 Bc5 19. Qh3 Qd7 20. Bxf6
Kxf6 21. b4 Bb6 22. Ra3 g6 23. Qh4+ Ke6 24. Re1 e4 25. g4 f4 26. Qg5 Qf7 27.
Rd3 Rd8 28. Rxe4+ dxe4 29. Rxd8 Bxd8 30. Qxd8 f3 31. h4 Qf4 32. Qc8+ Kd5 33.
Qxb7+ Kc4 34. Qa6+ Kxb4 35. Qxg6 e3 36. Qg7 e2 37. Qb7+ Kc4 38. Qa6+ Kb3 39.
Qa3+ Kc2 40. Qc3+ Kd1 41. Qd3+ Qd2 42. Qb1+ Qc1 43. Qd3+ Ke1 44. b4 Qb2 45. b5
Qb4 46. Qxf3 Qd4 0-1

[Event "4NCL Division One"]
[Site "Daventry, ENG"]
[Date "2023.01.15"]
[Round "4.61"]
[White "Ansell, Simon T"]
[Black "Speelman, Jon S"]
[Result "1/2-1/2"]
[WhiteElo "2421"]
[BlackElo "2500"]
[PlyCount "30"]
[EventDate "2023.01.15"]
[WhiteTeam "Blackthorne"]
[BlackTeam "Wood Green"]

1. e4 e6 2. d4 d5 3. e5 Bd7 4. Nf3 a6 5. Be2 Bb5 6. O-O Ne7 7. Nc3 Bxe2 8. Nxe2
Nf5 9. g4 Nh4 10. Nf4 c5 11. c3 Nc6 12. Be3 cxd4 13. cxd4 Nxf3+ 14. Qxf3 Be7
15. Rad1 O-O 1/2-1/2

[Event "4NCL Division One"]
[Site "Daventry, ENG"]
[Date "2023.01.15"]
[Round "4.62"]
[White "Wadsworth, Matthew J"]
[Black "Gormally, Daniel W"]
[Result "1/2-1/2"]
[WhiteElo "2470"]
[BlackElo "2450"]
[PlyCount "65"]
[EventDate "2023.01.15"]
[WhiteTeam "Wood Green"]
[BlackTeam "Blackthorne"]

1. c4 Nf6 2. Nf3 g6 3. g3 Bg7 4. Bg2 O-O 5. O-O d6 6. Nc3 e5 7. d3 Nbd7 8. Rb1
a5 9. a3 c6 10. e4 Nc5 11. b4 axb4 12. axb4 Ne6 13. Be3 Ng4 14. Bd2 f5 15. exf5
gxf5 16. b5 Bd7 17. bxc6 bxc6 18. h3 Nh6 19. c5 Nxc5 20. d4 exd4 21. Bxh6 Bxh6
22. Nxd4 Rc8 23. Na4 Ne4 24. Nb6 Rc7 25. Nxd7 Qxd7 26. g4 Nd2 27. Nxf5 Rxf5 28.
gxf5 Nxf1 29. Rb8+ Rc8 30. Rxc8+ Qxc8 31. Qxd6 Bf8 32. Qd3 Nd2 33. Qxd2 1/2-1/2

[Event "4NCL Division One"]
[Site "Daventry, ENG"]
[Date "2023.01.15"]
[Round "4.63"]
[White "Bates, Richard A"]
[Black "Harvey, Marcus R"]
[Result "0-1"]
[WhiteElo "2417"]
[BlackElo "2466"]
[PlyCount "150"]
[EventDate "2023.01.15"]
[WhiteTeam "Blackthorne"]
[BlackTeam "Wood Green"]

1. d4 Nf6 2. Nf3 e6 3. c4 b6 4. g3 Bb7 5. Bg2 c5 6. d5 exd5 7. cxd5 Bxd5 8. O-O
Be7 9. Re1 O-O 10. e4 Bc6 11. Nc3 Ne8 12. Ne5 Nc7 13. Nxc6 Nxc6 14. e5 Rc8 15.
Qg4 Ne6 16. f4 f5 17. exf6 Bxf6 18. Be3 Bd4 19. Rad1 Ne7 20. Be4 g6 21. Nb5
Bxe3+ 22. Rxe3 Nd4 23. Nxd4 cxd4 24. Rxd4 Nf5 25. Bxf5 Rxf5 26. Qe2 Rf7 27. Rc4
Rxc4 28. Qxc4 Kg7 29. Qd4+ Qf6 30. Rd3 Qxd4+ 31. Rxd4 Kf6 32. Kf2 Ke6 33. Re4+
Kd5 34. Ke3 d6 35. Rd4+ Kc5 36. Re4 Rc7 37. Kd3 Kd5 38. Rd4+ Ke6 39. Re4+ Kd7
40. Rc4 Rc5 41. b4 Rh5 42. Rc2 Rd5+ 43. Ke2 Rd4 44. a3 Re4+ 45. Kd2 d5 46. Rc3
Kd6 47. Rc8 Re7 48. Kd3 Kd7 49. Rc1 Re4 50. Rf1 a5 51. bxa5 bxa5 52. f5 Ke7 53.
fxg6 hxg6 54. Rb1 Ra4 55. Rb6 Kf7 56. Rb3 Ke6 57. Ke3 Ke5 58. Kd3 g5 59. h3
Rd4+ 60. Ke3 Rc4 61. Kd3 Rc1 62. h4 g4 63. Rb5 Rg1 64. Rxa5 Rxg3+ 65. Ke2 Rg2+
66. Kf1 Rh2 67. Ra8 Rxh4 68. a4 Rh2 69. Rg8 Kf4 70. Rf8+ Kg3 71. Rd8 Ra2 72.
Rxd5 Ra1+ 73. Ke2 Rxa4 74. Rd2 Rf4 75. Ke1 Kh3 0-1

[Event "4NCL Division One"]
[Site "Daventry, ENG"]
[Date "2023.01.15"]
[Round "4.64"]
[White "Fitzsimons, David"]
[Black "Ledger, Andrew J"]
[Result "1-0"]
[WhiteElo "2412"]
[BlackElo "2344"]
[PlyCount "63"]
[EventDate "2023.01.15"]
[WhiteTeam "Wood Green"]
[BlackTeam "Blackthorne"]

1. e4 e6 2. d4 d5 3. Nc3 dxe4 4. Nxe4 Nd7 5. Nf3 Ngf6 6. Nxf6+ Nxf6 7. Be3 Bd6
8. Bd3 b6 9. Qe2 Bb7 10. O-O-O Qe7 11. Kb1 O-O-O 12. Rhe1 h6 13. a3 Nd5 14. Bc1
Nf4 15. Bxf4 Bxf4 16. Ba6 c6 17. Qe4 Bc7 18. Bxb7+ Kxb7 19. c4 Qf6 20. b4 Qf4
21. Qxf4 Bxf4 22. d5 cxd5 23. cxd5 Rxd5 24. Rxd5 exd5 25. Re7+ Kc6 26. Rxf7 g5
27. Rxa7 Kb5 28. Kc2 Kc4 29. g3 g4 30. Rf7 Bg5 31. Rc7+ Kb5 32. Nd4+ 1-0

[Event "4NCL Division One"]
[Site "Daventry, ENG"]
[Date "2023.01.15"]
[Round "4.65"]
[White "Duncan, Chris R"]
[Black "Greet, Andrew N"]
[Result "0-1"]
[WhiteElo "2269"]
[BlackElo "2404"]
[PlyCount "86"]
[EventDate "2023.01.15"]
[WhiteTeam "Blackthorne"]
[BlackTeam "Wood Green"]

1. Nf3 e6 2. c4 d5 3. d4 Nf6 4. Nc3 Bb4 5. Bg5 dxc4 6. e4 c5 7. dxc5 Qa5 8.
Bxf6 gxf6 9. Bxc4 Bxc3+ 10. bxc3 Nc6 11. O-O Qxc5 12. Bb3 b6 13. Qd2 Ke7 14.
Rad1 Rd8 15. Qf4 Ba6 16. Qc7+ Kf8 17. Bxe6 fxe6 18. Qxh7 Qe7 19. Qh8+ Kf7 20.
Qh7+ Ke8 21. Qg8+ Qf8 22. Qxe6+ Ne7 23. Rfe1 Qf7 24. Qh3 Rxd1 25. Rxd1 Be2 26.
Rd2 Bxf3 27. Qxf3 Rc8 28. h4 Rc5 29. g3 Qe6 30. Kg2 Qe5 31. Rd4 Kf7 32. Qe3 Kg7
33. Rd7 a5 34. Qd4 Kf7 35. Rb7 Qe6 36. h5 Rxh5 37. Rxb6 Qh3+ 38. Kf3 Re5 39.
Ke2 Qg4+ 40. f3 Qxg3 41. Ra6 Nd5 42. Qf2 Nf4+ 43. Ke3 Rxe4+ 0-1

[Event "4NCL Division One"]
[Site "Daventry, ENG"]
[Date "2023.01.15"]
[Round "4.66"]
[White "McDonald, Neil"]
[Black "Ledger, Dave J"]
[Result "1-0"]
[WhiteElo "2409"]
[BlackElo "2262"]
[PlyCount "93"]
[EventDate "2023.01.15"]
[WhiteTeam "Wood Green"]
[BlackTeam "Blackthorne"]

1. e4 e5 2. f4 exf4 3. Nf3 Nf6 4. e5 Nh5 5. Nc3 d5 6. Be2 Bg4 7. O-O Nc6 8. d4
g5 9. h3 Bxf3 10. Bxf3 Ng3 11. Nxd5 Bg7 12. Re1 h5 13. b3 Kf8 14. c4 Qd7 15. h4
g4 16. Bxf4 gxf3 17. Bxg3 Qg4 18. Qxf3 Qxf3 19. gxf3 Nxd4 20. Re4 Nf5 21. Bf2
c6 22. Bc5+ Kg8 23. Ne7+ Nxe7 24. Bxe7 Re8 25. Bd6 Rh6 26. Rae1 Bf8 27. c5 b6
28. b4 Be7 29. Kf2 Re6 30. Bxe7 R8xe7 31. f4 Rd7 32. f5 Re8 33. cxb6 axb6 34.
Kf3 Rd2 35. R1e2 Rd1 36. Kf4 Rg1 37. e6 fxe6 38. fxe6 Kg7 39. Ke5 Rd1 40. Rg2+
Kf8 41. Rf4+ Ke7 42. Rg7+ Kd8 43. Kf6 Re1 44. Rd4+ Kc8 45. Rd6 Rf1+ 46. Kg6
Rg1+ 47. Kf7 1-0

[Event "4NCL Division One"]
[Site "Daventry, ENG"]
[Date "2023.01.15"]
[Round "4.67"]
[White "Ledger, Stephen C"]
[Black "Toma, Katarzyna"]
[Result "1/2-1/2"]
[WhiteElo "2120"]
[BlackElo "2372"]
[PlyCount "80"]
[EventDate "2023.01.15"]
[WhiteTeam "Blackthorne"]
[BlackTeam "Wood Green"]

1. d4 Nf6 2. Bg5 d5 3. e3 c5 4. c3 Qb6 5. Qb3 Nc6 6. Nd2 Bf5 7. dxc5 Qxc5 8.
Ngf3 e5 9. Qb5 Qxb5 10. Bxb5 Nd7 11. O-O f6 12. Bh4 g5 13. Bg3 h5 14. h4 g4 15.
Ne1 Bc5 16. Nb3 Bb6 17. Rd1 a6 18. Bd3 Be6 19. Nc2 Rg8 20. e4 d4 21. cxd4 Bxb3
22. axb3 Nxd4 23. Nxd4 Bxd4 24. Bc4 Rg7 25. Kh2 Nb6 26. Be2 Rc8 27. Rd2 Rd7 28.
Rfd1 Rcd8 29. Kh1 Kf7 30. f3 gxf3 31. gxf3 Bxb2 32. Rxd7+ Rxd7 33. f4 Kg6 34.
f5+ Kh6 35. Be1 Rxd1 36. Bxd1 Bc1 37. Kg2 Nd7 38. Bb4 b6 39. Be2 Nc5 40. Bxc5
bxc5 1/2-1/2

[Event "4NCL Division One"]
[Site "Daventry, ENG"]
[Date "2023.01.15"]
[Round "4.68"]
[White "Haydon, David L"]
[Black "Varney, Zoe"]
[Result "1-0"]
[WhiteElo "2379"]
[BlackElo "2048"]
[PlyCount "75"]
[EventDate "2023.01.15"]
[WhiteTeam "Wood Green"]
[BlackTeam "Blackthorne"]

1. e4 e5 2. Nf3 Nc6 3. Bb5 a6 4. Ba4 Nf6 5. Qe2 b5 6. Bb3 Bc5 7. c3 O-O 8. d3
d6 9. Nbd2 Bb6 10. Nf1 Ne7 11. Ng3 Ng6 12. O-O Be6 13. Be3 c5 14. Rfd1 Qc7 15.
h3 Rfe8 16. Bxe6 Rxe6 17. a4 Rd8 18. axb5 axb5 19. c4 b4 20. Nf5 Nd7 21. g3
Ree8 22. Kg2 Ngf8 23. N3h4 Ne6 24. Qg4 Nf6 25. Qf3 Ra8 26. Nxg7 Nxg7 27. Qxf6
Qd8 28. Qf3 Qd7 29. Bh6 Qe6 30. Bxg7 Kxg7 31. Nf5+ Kh8 32. Qg4 Qf6 33. Ne3 Rxa1
34. Rxa1 Rg8 35. Nd5 Qd8 36. Qf5 Rg7 37. Ra6 Ba5 38. Rc6 1-0